[Event "Tenerife-chT Tercera"]
[Site "Tenerife"]
[Date "2025.01.25"]
[Round "6.1"]
[White "Casas Valdivieso, Jose Francisco"]
[Black "Fernandez Romero, Alejandro"]
[Result "0-1"]
[WhiteElo "1467"]
[BlackElo "1567"]
[PlyCount "58"]
[EventDate "2024.11.09"]
[EventType "team-tourn"]
[EventRounds "17"]
[EventCountry "ESP"]
[SourceTitle "CB14_2025"]
[SourceDate "2024.11.01"]
[SourceVersion "1"]
[SourceVersionDate "2024.11.01"]
[SourceQuality "1"]
[WhiteTeam "Chinaco Buenavista"]
[BlackTeam "Laguna Cotelec"]
[WhiteTeamCountry "ESP"]
[BlackTeamCountry "ESP"]

1. e4 Nc6 2. Nf3 e5 3. Bb5 Nge7 4. c3 d6 5. d4 exd4 6. cxd4 Bd7 7. 0-0 Ne5 8. Bxd7+ Nxd7 9. Bg5 f6 10. Bd2 Ng6 11. Nc3 c6 12. Re1 Qb6 13. Qb3 Qxb3 14. axb3 Be7 15. d5 c5 16. Nb5 0-0 17. Nc7 Rab8 18. Ne6 Rf7 19. Rxa7 f5 20. Rea1 fxe4 21. Nfg5 Bxg5 22. Bxg5 h6 23. Be3 Nb6 24. R1a6 bxa6 25. Rxf7 Kxf7 26. g3 Nxd5 27. Nf4 Ngxf4 28. gxf4 Nxe3 29. fxe3 Rxb3 0-1